000 01229cam a22002775a 4500
001 L139047
002 16805
008 070720s2007 xxkaco f 000 0 eng d
020 _a9781860819773
035 _a(Sirsi) u139047
041 0 _aeng
050 0 4 _a690.25 $2 18
100 1 _aDriscoll, Richard
245 0 0 _aSubsidence damage to domestic buildings
_ba good guide to technical practice
260 _aIHS BRE Press
_bBracknell
_c2007
300 _aviii, 57.p
_bill.
_c25
350 _a27.50
490 0 _aBRE Reports
_vFB13
505 2 _aIntroduction -- Diagnosing subsidence damage -- Investigating clay shrinkage and swelling -- Subsidence monitoring -- Dealing with the subsidence and repairing the damage.
520 _aProvides a guide to best practice in all the technical elements of subsidence damage to a domestic building. It provides a baseline of technical guidance that can be used by practising investigators of subsidence. It is intended particularly for training new investigators. Covers key aspects of the investiagtion and remediation of subsidence.
590 _aka
651 4 _aUnited Kingdom
_y
690 _aBUILT ENVIRONMENT-BUILDING PATHOLOGY
700 1 _aSkinner, Hilary
942 _n0
999 _c107270
_d107270